| 000 | 00482nam a2200193Ia 4500 | ||
|---|---|---|---|
| 003 | GCL | ||
| 008 | 140319s9999 xx 000 0 eng d | ||
| 040 |
_aGCL / _cGCL |
||
| 082 | 0 | 4 |
_a541.350212 _bM H |
| 100 | 1 | _aHUROV,STEVENL | |
| 245 | 1 | 0 |
_aHAND BOOK OF PHOTOENMISTRY / _cHUROV,STEVENL |
| 700 | 1 | _aCARMICHAELELAN | |
| 700 | 1 | _aLUG,GORDONL | |
| 260 |
_a[S.N] : _bMARCEL DEKKER ، _c1993 |
||
| 300 | _a420 | ||
| 650 | 0 | 4 | _aPHOTOCHEMISTRY |
| 650 | 0 | 4 | _aTABLES |
| 942 |
_2ddc _cBK |
||
| 999 |
_c21648 _d21648 |
||